[Event "HUN-chT2 Maroczy 1112"]
[Site "Hungary"]
[Date "2012.04.22"]
[Round "9"]
[White "Pacal, Mihaly"]
[Black "Nemeth, Kinga"]
[Result "1-0"]
[WhiteElo "2121"]
[BlackElo "1513"]
[PlyCount "55"]
[EventDate "2011.09.25"]
[EventType "team-tourn"]
[EventRounds "11"]
[EventCountry "HUN"]
[SourceTitle "EXT 2013"]
[Source "ChessBase"]
[SourceDate "2012.11.22"]
[SourceVersion "1"]
[SourceVersionDate "2012.11.22"]
[SourceQuality "1"]
[WhiteTeam "Roszke"]
[BlackTeam "Taban Spartacus"]
[WhiteTeamCountry "HUN"]
[BlackTeamCountry "HUN"]

1. e4 e5 2. Nf3 Nc6 3. c3 Nf6 4. d4 exd4 5. e5 Nd5 6. Qb3 Nb6 7. cxd4 d6 8. Bb5 Bd7 9. 0-0 a6 10. Bxc6 Bxc6 11. exd6 Bxd6 12. Re1+ Be7 13. Ne5 Bd5 14. Qg3 0-0 15. Bh6 Bf6 16. Nc3 Re8 17. Rad1 c6 18. h4 Nc4 19. Nxc4 Bxc4 20. Rxe8+ Qxe8 21. h5 Rd8 22. Bxg7 Bxg7 23. h6 Qf8 24. b3 Be6 25. Ne4 Kh8 26. hxg7+ Qxg7 27. Qf4 Rxd4 28. Qb8+ 1-0